[Event "11th Vellmar Open 2019"]
[Site "Vellmar GER"]
[Date "2019.07.07"]
[Round "6.2"]
[White "Hahn,Markus"]
[Black "Colbow,Collin"]
[Result "1/2-1/2"]
[WhiteElo "2290"]
[BlackElo "2167"]
[WhiteFideId "24654647"]
[BlackFideId "16201132"]
[EventDate "2019.07.04"]

1. d4 Nf6 2. c4 g6 3. Nc3 Bg7 4. e4 d6 5. Be2 O-O 6. Bg5 Na6 7. Qd2 c6 8. f3 Qa5
9. h4 Nc7 10. O-O-O Rb8 11. Kb1 Re8 12. Bh6 b5 13. Bxg7 Kxg7 14. e5 dxe5 15.
dxe5 Nh5 16. g4 Ng3 17. Rh3 b4 18. Ne4 Nxe4 19. fxe4 1/2-1/2

[Event "11th Vellmar Open 2019"]
[Site "Vellmar GER"]
[Date "2019.07.07"]
[Round "6.3"]
[White "Schulze,Lara"]
[Black "Nilsson,Anders1"]
[Result "1-0"]
[WhiteTitle "WFM"]
[BlackTitle "CM"]
[WhiteElo "2253"]
[BlackElo "2225"]
[WhiteFideId "12956830"]
[BlackFideId "1705423"]
[EventDate "2019.07.04"]

1. e4 e6 2. d4 d5 3. Nd2 Nc6 4. Ngf3 Nf6 5. e5 Nd7 6. c4 dxc4 7. Nxc4 Bb4+ 8.
Bd2 Nb6 9. a3 Bxd2+ 10. Qxd2 Ne7 11. Rc1 Nxc4 12. Bxc4 Bd7 13. O-O Bc6 14. Rc3
h6 15. Ba2 Be4 16. Qe2 Bd5 17. Bb1 c6 18. Ne1 Qb6 19. Rc5 O-O-O 20. b4 Kb8 21.
Qb2 Rc8 22. Nc2 Be4 23. Ne3 Bxb1 24. Rxb1 Qa6 25. b5 cxb5 26. Rxb5 Rc7 27. h3
Rhc8 28. Kh2 Ka8 29. a4 Rd8 30. a5 Rdd7 31. Qb4 Nc6 32. Qf8+ Rd8 33. Qxg7 Nxd4
34. R5b2 Qxa5 35. Qf6 Rdc8 36. Qf4 Nc6 37. Nc4 Qc3 38. Nd6 Nxe5 39. Nxc8 Nd3 40.
Nb6+ Kb8 41. Qxh6 axb6 42. Rxb6 Qe5+ 43. Kg1 Nc5 44. Qf8+ Ka7 45. R6b2 Qd5 46.
Rc2 Qd4 47. Rbc1 Kb6 48. Rc4 Qd5 49. Qa8 Qd3 50. Rb4+ Kc6 51. Qa4+ b5 52. Qa6+ 1-0

[Event "11th Vellmar Open 2019"]
[Site "Vellmar GER"]
[Date "2019.07.07"]
[Round "6.4"]
[White "Jensen,JB"]
[Black "Kersten,U"]
[Result "0-1"]
[BlackTitle "FM"]
[WhiteElo "2173"]
[BlackElo "2248"]
[WhiteFideId "1401513"]
[BlackFideId "4615646"]
[EventDate "2019.07.04"]

1. d4 e6 2. c4 Bb4+ 3. Nd2 Nf6 4. Nf3 O-O 5. a3 Be7 6. e4 d5 7. e5 Nfd7 8. cxd5
exd5 9. Bd3 c5 10. h4 h6 11. g4 cxd4 12. Nb3 Nc6 13. Bf4 f6 14. e6 Nc5 15. Nxc5
Bxc5 16. Qc1 Qe7 17. O-O Bxe6 18. Re1 Ne5 19. Bxe5 fxe5 20. Nxe5 Qxh4 21. Qc2
Rf6 22. Bh7+ Kh8 23. Ng6+ Rxg6 24. Bxg6 Bxg4 25. Qd3 Bd6 26. Rac1 Qh2+ 27. Kf1
Qh1# 0-1

[Event "11th Vellmar Open 2019"]
[Site "Vellmar GER"]
[Date "2019.07.07"]
[Round "6.5"]
[White "Schnepp,G"]
[Black "Weiss,J"]
[Result "1-0"]
[WhiteTitle "FM"]
[WhiteElo "2292"]
[BlackElo "2097"]
[WhiteFideId "1604503"]
[BlackFideId "24677663"]
[EventDate "2019.07.04"]

1. Nf3 c5 2. c4 Nc6 3. d4 cxd4 4. Nxd4 g6 5. e4 Bg7 6. Nc2 d6 7. Be2 Nf6 8. Nc3
b6 9. O-O Bb7 10. Be3 O-O 11. Qd2 Rc8 12. b3 Ba8 13. Bh6 Ne5 14. Bxg7 Kxg7 15.
f3 Qc7 16. Rac1 Rfd8 17. Kh1 Qb8 18. Nd4 Nc6 19. f4 Nxd4 20. Qxd4 Kg8 21. Nd5
Bxd5 22. exd5 Qc7 23. f5 Qc5 24. Qf4 b5 25. fxg6 hxg6 26. Rc3 Kg7 27. Re3 Qc7
28. cxb5 Rh8 29. Qd4 Qb7 30. Bc4 Rh5 31. Rfe1 Rch8 32. h3 Kf8 33. Rxe7 Qxe7 34.
Rxe7 Kxe7 35. Qxa7+ Kf8 36. Qb8+ Kg7 37. Qxd6 Re8 38. Qg3 Ne4 39. Qe3 Rf5 40.
Kh2 Ree5 41. Qd4 f6 42. d6 Nf2 43. d7 Re1 1-0

[Event "11th Vellmar Open 2019"]
[Site "Vellmar GER"]
[Date "2019.07.07"]
[Round "6.6"]
[White "Rempel,P"]
[Black "Meyner,H"]
[Result "0-1"]
[WhiteElo "2119"]
[BlackElo "2213"]
[WhiteFideId "4657632"]
[BlackFideId "4664205"]
[EventDate "2019.07.04"]

1. d4 d5 2. c4 e6 3. Nc3 Bb4 4. Qc2 dxc4 5. Nf3 Nf6 6. e4 b5 7. Bg5 h6 8. Bxf6
Qxf6 9. a4 c6 10. Be2 Bb7 11. O-O a6 12. Rfd1 Nd7 13. d5 exd5 14. exd5 O-O 15.
Ne4 Qg6 16. dxc6 Bxc6 17. Rxd7 Bxe4 18. Qd1 Rfe8 19. Bf1 Qf6 20. Qd4 Qf5 21.
axb5 axb5 22. Rxa8 Rxa8 23. Ne5 Re8 24. Nxf7 Re7 25. Nxh6+ gxh6 26. Rd8+ Kf7 27.
Qh8 Ke6 28. Qxh6+ Qg6 29. Qe3 Qf5 30. Qb6+ Kf7 31. Qb8 Rd7 32. Rh8 Kf6 33. Qe8
Be7 34. Rh5 Qg4 35. h3 Qg6 36. Qh8+ Qg7 37. Qc8 Rd1 38. Qa6+ Kf7 39. Qxb5 Qxg2# 0-1

[Event "11th Vellmar Open 2019"]
[Site "Vellmar GER"]
[Date "2019.07.07"]
[Round "6.7"]
[White "Frohberg,M"]
[Black "Boder,Jan"]
[Result "1/2-1/2"]
[WhiteElo "2227"]
[BlackElo "2116"]
[WhiteFideId "4639308"]
[BlackFideId "16243226"]
[EventDate "2019.07.04"]

1. e4 c5 2. Nf3 Nc6 3. d4 cxd4 4. Nxd4 g6 5. c4 Bg7 6. Be3 Nf6 7. f3 Qb6 8. Nf5
Qxb2 9. Nxg7+ Kf8 10. Nd2 Kxg7 11. Rb1 Qxa2 12. c5 Qa5 13. Be2 Qc7 14. Nc4 Rd8
15. Qd2 d5 16. cxd6 exd6 17. Bh6+ Kg8 18. Bg5 Kg7 19. Qf4 Qe7 1/2-1/2

[Event "11th Vellmar Open 2019"]
[Site "Vellmar GER"]
[Date "2019.07.07"]
[Round "6.8"]
[White "Windelband,J"]
[Black "Bergauz,Avigdor"]
[Result "0-1"]
[WhiteElo "2075"]
[BlackElo "2225"]
[WhiteFideId "4663845"]
[BlackFideId "12943770"]
[EventDate "2019.07.04"]

1. e4 c6 2. d4 d5 3. exd5 cxd5 4. c4 Nf6 5. Nc3 e6 6. Nf3 Be7 7. cxd5 Nxd5 8.
Bd3 Nc6 9. O-O a6 10. Re1 b5 11. a3 Nxc3 12. bxc3 O-O 13. Bc2 Bb7 14. Qd3 g6 15.
Bh6 Re8 16. a4 b4 17. c4 Na5 18. Ne5 Rc8 19. Rad1 Bg5 20. Qh3 Bxh6 21. Qxh6 Rc7
22. Re3 f5 23. c5 Qd5 24. Rg3 Rg7 25. h4 b3 26. Bb1 Nc6 27. Nxc6 Bxc6 28. h5 Kf7
29. Bd3 b2 30. Bc2 Rb8 31. Qf4 Rb7 32. Re1 Kg8 33. a5 gxh5 34. Re5 b1=Q+ 35.
Bxb1 Rxb1+ 36. Kh2 Qxg2+ 37. Rxg2 Rxg2+ 38. Kh3 Rh1+ 39. Qh2 Rhxh2# 0-1

[Event "11th Vellmar Open 2019"]
[Site "Vellmar GER"]
[Date "2019.07.07"]
[Round "6.9"]
[White "Cherny,A"]
[Black "Ziegenfuss,Antonia"]
[Result "0-1"]
[BlackTitle "WFM"]
[WhiteElo "2188"]
[BlackElo "2063"]
[WhiteFideId "4688473"]
[BlackFideId "12962554"]
[EventDate "2019.07.04"]

1. Nf3 Nf6 2. g3 d5 3. Bg2 c5 4. O-O Nc6 5. d3 e6 6. Nbd2 Be7 7. Re1 b6 8. e4
Bb7 9. e5 Nd7 10. c3 Qc7 11. Qe2 g5 12. Nb3 g4 13. Ng5 Qxe5 14. Qd2 Qg7 15. Rxe6
fxe6 16. Nxe6 Qe5 17. Bxd5 Rc8 18. Nf4 Bg5 19. Bg2 Bxf4 20. gxf4 Qe7 21. d4 c4
22. d5 cxb3 23. axb3 Na5 24. Rxa5 bxa5 25. d6 Qf6 26. Qe2+ Kd8 27. Bxb7 Qxd6 28.
Bxc8 Re8 29. Be3 Kxc8 30. Qc4+ Kd8 31. Kg2 Nb6 32. Qf7 Qd5+ 33. Qxd5+ Nxd5 34.
Bxa7 Kc7 35. Kg3 h5 36. Bd4 Re2 37. Be5+ Kd7 38. Kh4 Ke6 39. c4 Ne7 40. Kg5 Rxf2
41. Bc7 Rxb2 42. f5+ Nxf5 43. Kxh5 Ne3 44. Bf4 Kf5 45. Bc7 Rxb3 46. Bxa5 Nxc4 0-1

[Event "11th Vellmar Open 2019"]
[Site "Vellmar GER"]
[Date "2019.07.07"]
[Round "6.10"]
[White "Toepfer,Albrecht"]
[Black "Wiley,To"]
[Result "1/2-1/2"]
[BlackTitle "FM"]
[WhiteElo "2043"]
[BlackElo "2162"]
[WhiteFideId "12924067"]
[BlackFideId "401765"]
[EventDate "2019.07.04"]

1. Nf3 f5 2. c4 Nf6 3. g3 g6 4. b3 Bg7 5. Bb2 O-O 6. Bg2 d6 7. d4 c6 8. O-O Qe8
9. Nc3 Na6 10. Qd2 h6 11. d5 Bd7 12. Nd4 Nc7 13. Rad1 c5 14. Nc2 b5 15. cxb5
Nxb5 16. Nxb5 Bxb5 17. Na3 a5 18. Nxb5 Qxb5 19. Bxf6 Rxf6 20. Qe3 Qd7 21. a4 Rb8
22. Rb1 Rb4 23. f4 Kh7 24. Qd3 Rf8 25. Rfe1 e6 26. dxe6 Qxe6 27. e4 fxe4 28.
Rxe4 Rxe4 29. Qxe4 Bd4+ 30. Kf1 Qxe4 31. Bxe4 1/2-1/2

[Event "11th Vellmar Open 2019"]
[Site "Vellmar GER"]
[Date "2019.07.07"]
[Round "6.11"]
[White "Schmid,Anton"]
[Black "Henrich,T"]
[Result "0-1"]
[BlackTitle "FM"]
[WhiteElo "1738"]
[BlackElo "2139"]
[WhiteFideId "12910783"]
[BlackFideId "4640993"]
[EventDate "2019.07.04"]

1. d4 Nf6 2. c4 e6 3. g3 c5 4. d5 exd5 5. cxd5 d6 6. Nc3 g6 7. Bg2 Bg7 8. Nf3
O-O 9. O-O Re8 10. Nd2 a6 11. a4 Nbd7 12. Nc4 Ne5 13. Na3 Rb8 14. h3 Nh5 15. Kh2
f5 16. f4 Nf7 17. Bf3 Nf6 18. e3 Bd7 19. a5 Qxa5 20. Bd2 Qc7 21. Nc4 Bb5 22. b3
Re7 23. Rb1 Bd7 24. g4 b5 25. Nb2 b4 26. Ne2 fxg4 27. hxg4 Bxg4 28. Ng3 Bxf3 29.
Qxf3 Rbe8 30. Nc4 Qb7 31. Rbe1 Ne4 32. f5 Qxd5 33. Nb6 Qxd2+ 34. Re2 Nfg5 35.
Qg2 Qd3 0-1

[Event "11th Vellmar Open 2019"]
[Site "Vellmar GER"]
[Date "2019.07.07"]
[Round "6.12"]
[White "Hahn,F"]
[Black "Werner,Mart"]
[Result "1/2-1/2"]
[WhiteElo "2138"]
[BlackElo "2001"]
[WhiteFideId "24659720"]
[BlackFideId "4607970"]
[EventDate "2019.07.04"]

1. Nf3 d5 2. g3 c5 3. Bg2 Nc6 4. d4 Nf6 5. O-O Bf5 6. c4 e6 7. Nc3 Be7 8. cxd5
exd5 9. dxc5 d4 10. Na4 O-O 11. a3 Be4 12. b4 Qd5 13. Bf4 Rfe8 14. Qd2 Rad8 15.
Nb2 Ng4 16. Nd3 Bf6 17. Rad1 Nge5 18. Bxe5 Nxe5 19. Nf4 Qc6 20. Nxe5 Rxe5 21.
Bxe4 Qxe4 22. Qd3 Bg5 23. Ng2 Bf6 24. Nf4 Bg5 25. Ng2 Bf6 26. Rfe1 Qc6 27. Qc4
b6 28. Rxd4 1/2-1/2

[Event "11th Vellmar Open 2019"]
[Site "Vellmar GER"]
[Date "2019.07.07"]
[Round "6.13"]
[White "Lesny,Florian"]
[Black "Simukov,Erik"]
[Result "1/2-1/2"]
[WhiteElo "2034"]
[BlackElo "1893"]
[WhiteFideId "12973874"]
[BlackFideId "12995380"]
[EventDate "2019.07.04"]

1. e4 e5 2. Nf3 Nc6 3. Bc4 Bc5 4. O-O d6 5. c3 Qf6 6. a4 a6 7. Na3 h6 8. Nc2 Ba7
9. d4 Nge7 10. Be3 Ng6 11. dxe5 Ncxe5 12. Nxe5 dxe5 13. Bxa7 Rxa7 14. Ne3 c6 15.
Re1 Nf4 16. Qc2 O-O 17. a5 Qg6 18. Kh1 Be6 19. Bxe6 Qxe6 20. Rad1 Raa8 21. Rd2
Rad8 22. Red1 Rxd2 23. Qxd2 Qg6 24. f3 Ne6 25. Nf5 Qg5 26. Qxg5 hxg5 27. b4 c5
28. Ne7+ Kh7 29. Rd7 cxb4 30. cxb4 Rd8 31. Rxd8 Nxd8 32. Kg1 g6 33. Kf2 Kg7 34.
Nd5 Kf8 35. Ke3 Ke8 36. Kd3 Kd7 37. Kc4 Kc6 38. Ne7+ 1/2-1/2

[Event "11th Vellmar Open 2019"]
[Site "Vellmar GER"]
[Date "2019.07.07"]
[Round "6.14"]
[White "Engel,Robert"]
[Black "Wiegand,C"]
[Result "1/2-1/2"]
[WhiteElo "2054"]
[BlackElo "1975"]
[WhiteFideId "12974684"]
[BlackFideId "4675231"]
[EventDate "2019.07.04"]

1. e4 d5 2. exd5 Nf6 3. d4 Bg4 4. Bb5+ Nbd7 5. f3 Bf5 6. Nc3 a6 7. Bd3 Bxd3 8.
Qxd3 Nb6 9. Nge2 Nfxd5 10. Nxd5 Qxd5 11. Nf4 Qc4 12. Qxc4 Nxc4 13. b3 Nd6 14. d5
O-O-O 15. Bb2 Nf5 16. O-O-O Rg8 17. h4 h5 18. Kb1 g6 19. Rd3 Bh6 20. Bc1 Rh8 21.
c4 Bg7 22. Nh3 Ng3 23. Rhd1 Rhf8 24. Bf4 Nf5 25. g3 Rfe8 26. Ng5 e5 27. dxe6
Rxd3 28. Rxd3 fxe6 29. Ne4 Rd8 30. Rxd8+ Kxd8 31. Nc5 Nd4 32. Nxb7+ Kc8 33. Nc5
Bf8 34. Nxa6 Nxf3 35. b4 e5 36. Be3 Nd4 37. b5 Nf5 38. Bf2 e4 39. Kc2 e3 40. Be1
Bd6 41. Kd3 Bxg3 42. Bxg3 Nxg3 43. Kxe3 Nf5+ 44. Kf2 Nxh4 45. Nc5 Nf5 46. Nd3
Kb7 47. c5 Nd4 48. a4 c6 49. b6 Nb3 50. Ke3 1/2-1/2

[Event "11th Vellmar Open 2019"]
[Site "Vellmar GER"]
[Date "2019.07.07"]
[Round "6.15"]
[White "Krause,Ma2"]
[Black "Heinelt,M"]
[Result "1-0"]
[WhiteElo "1951"]
[BlackElo "2101"]
[WhiteFideId "24615889"]
[BlackFideId "4656695"]
[EventDate "2019.07.04"]

1. e4 c5 2. Nc3 Nc6 3. Bb5 g6 4. Bxc6 dxc6 5. d3 Bg7 6. Nge2 Nf6 7. Be3 b6 8.
Qd2 Ng4 9. Bg5 f6 10. Bf4 e5 11. Bg3 Nh6 12. f4 Nf7 13. O-O O-O 14. Bf2 exf4 15.
Nxf4 Ne5 16. Kh1 Bh6 17. Bg1 Qd6 18. Nce2 Bg4 19. Be3 Rad8 20. b3 f5 21. exf5
Bxf5 22. h3 g5 23. Nh5 Bxh3 24. Neg3 Bg4 25. Ne4 Qg6 26. Nhf6+ Kh8 27. Qc3 Rfe8
28. Nxg4 Qh5+ 29. Nh2 Bg7 30. Nf6 Qh6 31. Nxe8 Rxe8 32. Qd2 Ng4 33. Bg1 Re3 34.
d4 Bxd4 35. c3 Rxc3 36. Bxd4+ 1-0

[Event "11th Vellmar Open 2019"]
[Site "Vellmar GER"]
[Date "2019.07.07"]
[Round "6.16"]
[White "Krueger,N"]
[Black "Hourigan,Gerrit"]
[Result "1-0"]
[WhiteElo "1958"]
[BlackElo "2037"]
[WhiteFideId "4633245"]
[BlackFideId "16204174"]
[EventDate "2019.07.04"]

1. e4 c5 2. c3 Nf6 3. e5 Nd5 4. d4 cxd4 5. cxd4 Nc6 6. Nc3 Nxc3 7. bxc3 d5 8.
Bd3 e6 9. Nf3 Be7 10. O-O O-O 11. Re1 Bd7 12. h4 Rc8 13. Ng5 h6 14. Nh7 Re8 15.
Bxh6 g6 16. Qf3 Bf8 17. Nxf8 Rxf8 18. Bxf8 Qxf8 19. h5 Qg7 20. hxg6 fxg6 21. Qg4
Ne7 22. Rac1 b5 23. a3 Qh6 24. Re3 Rf8 25. Rc2 Rf4 26. Rh3 Rxg4 27. Rxh6 Kg7 28.
Rh3 Rf4 29. Rf3 Rh4 30. Rb2 Rh8 31. Bxb5 Rb8 32. Bxd7 Rxb2 33. Bxe6 Rb7 34. Rf7+
Kh6 35. Kh2 Rc7 36. f3 a6 37. g4 Rb7 38. f4 g5 39. f5 Ra7 40. f6 Ng8 1-0

[Event "11th Vellmar Open 2019"]
[Site "Vellmar GER"]
[Date "2019.07.07"]
[Round "6.17"]
[White "Powalla,K"]
[Black "Zahn,R"]
[Result "0-1"]
[WhiteElo "1944"]
[BlackElo "2051"]
[WhiteFideId "24650668"]
[BlackFideId "4681690"]
[EventDate "2019.07.04"]

1. b3 d5 2. Bb2 e6 3. e3 Nf6 4. Nf3 Bd6 5. c4 O-O 6. Nc3 c6 7. Be2 Re8 8. d3 Bc7
9. Qc2 Nbd7 10. Rd1 e5 11. O-O Nf8 12. b4 Qe7 13. a3 Bg4 14. Ne1 Bxe2 15. Nxe2
Ng6 16. Ng3 Red8 17. Nf3 Rac8 18. c5 h6 19. a4 a6 20. Rfe1 Re8 21. Qc1 Rcd8 22.
Nf5 Qe6 23. Ng3 Kh7 24. h4 Qg4 25. Qc2 Kg8 26. Nh2 Qxb4 27. e4 Nxh4 28. Rb1 d4
29. Rec1 Ba5 30. Nhf1 b5 31. axb5 axb5 32. Ne2 Qa4 33. Qxa4 bxa4 34. Ra1 Rb8 35.
Rc2 Rb4 36. f4 Bc7 37. g3 Ng6 38. f5 Nf8 39. Kf2 Nxe4+ 40. dxe4 d3 0-1

[Event "11th Vellmar Open 2019"]
[Site "Vellmar GER"]
[Date "2019.07.07"]
[Round "6.18"]
[White "Moeckel,Jens"]
[Black "Braun,I"]
[Result "1/2-1/2"]
[WhiteElo "1859"]
[BlackElo "2050"]
[WhiteFideId "16202830"]
[BlackFideId "24657816"]
[EventDate "2019.07.04"]

1. d4 d5 2. Nf3 Nf6 3. g3 e6 4. Bg2 Be7 5. O-O O-O 6. a4 c5 7. dxc5 Bxc5 8. b3
Nc6 9. Bb2 b6 10. Ne5 Nxe5 11. Bxe5 Ba6 12. Bf3 Rc8 13. c3 Bd6 14. Bxd6 Qxd6 15.
b4 1/2-1/2

[Event "11th Vellmar Open 2019"]
[Site "Vellmar GER"]
[Date "2019.07.07"]
[Round "6.19"]
[White "Carroll,Peter"]
[Black "Bornholdt,Joa Max"]
[Result "1-0"]
[WhiteElo "2032"]
[BlackElo "1710"]
[WhiteFideId "2510243"]
[BlackFideId "16253477"]
[EventDate "2019.07.04"]

1. e4 e5 2. Nf3 Nc6 3. Nc3 Nf6 4. g3 Bc5 5. Bg2 d6 6. O-O a6 7. d3 Be6 8. Be3
Qd7 9. Bxc5 dxc5 10. Ng5 Bg4 11. f3 Bh5 12. g4 Bg6 13. Nh3 O-O-O 14. Nf2 Kb8 15.
Ne2 h5 16. g5 Nh7 17. h4 Nd4 18. f4 Nxe2+ 19. Qxe2 exf4 20. Nh3 Qd4+ 21. Kh1 Qe3
22. Nxf4 Qxe2 23. Nxe2 f6 24. Nf4 Be8 25. gxf6 Nxf6 26. Ne6 Rd6 27. Nxc5 Rb6 28.
b3 Ng4 29. Rf3 Rg6 30. Bh3 Ne5 31. Rf5 Nc6 32. Raf1 Ka7 33. Rf8 Rgh6 34. c3 Ne5
35. d4 Ng4 36. Rxh8 Rxh8 37. Ne6 Kb6 38. Nxg7 Bg6 39. Bxg4 1-0

[Event "11th Vellmar Open 2019"]
[Site "Vellmar GER"]
[Date "2019.07.07"]
[Round "6.20"]
[White "Gramb,Marius"]
[Black "Ahlers,Knut"]
[Result "1-0"]
[WhiteElo "2164"]
[BlackElo "1854"]
[WhiteFideId "24656593"]
[BlackFideId "16203534"]
[EventDate "2019.07.04"]

1. c4 Nf6 2. g3 g6 3. Bg2 Bg7 4. Nc3 O-O 5. e4 d6 6. Nge2 e5 7. O-O Be6 8. Qb3
Qc8 9. d4 Na6 10. dxe5 dxe5 11. Nd5 Nxd5 12. cxd5 Bd7 13. Be3 f5 14. f3 Kh8 15.
Rac1 c5 16. a3 b6 17. Qc2 Qe8 18. Qd2 Bb5 19. Rfe1 Qf7 20. Nc3 Bd7 21. exf5 gxf5
22. Bh6 Rae8 23. Bxg7+ Qxg7 24. Qe2 Bc8 25. Nb5 Qd7 26. Rcd1 Nb8 27. Nc3 Ba6 28.
Qd2 Rg8 29. Bf1 Bxf1 30. Kxf1 Qg7 31. Re2 f4 32. g4 Qh6 33. Kg2 Nd7 34. Qe1 Qg6
35. Qh4 Nf6 36. Ne4 Nxg4 37. fxg4 Ref8 38. Kf3 Rg7 39. Qh5 Qxh5 40. gxh5 Rf5 41.
Rg2 Rd7 42. Rg5 Rxg5 43. Nxg5 Kg7 44. Ne4 Kf7 45. d6 Ke6 46. Rg1 Kd5 47. Nf6+ 1-0

[Event "11th Vellmar Open 2019"]
[Site "Vellmar GER"]
[Date "2019.07.07"]
[Round "6.22"]
[White "Fuss,Jean-Pierre"]
[Black "Gerlach,Felix Tobias"]
[Result "1-0"]
[WhiteElo "1957"]
[BlackElo "2097"]
[WhiteFideId "16232240"]
[BlackFideId "12957690"]
[EventDate "2019.07.04"]

1. Nf3 Nf6 2. g3 d5 3. Bg2 e6 4. O-O Be7 5. d4 O-O 6. c4 dxc4 7. Nc3 Nc6 8. e4
Rb8 9. a4 a6 10. Bf4 Na5 11. Qe2 Ne8 12. Rfd1 Bb4 13. d5 Qe7 14. e5 h6 15. d6
cxd6 16. exd6 Bxd6 17. Rxd6 Nxd6 18. Qe5 Rd8 19. Qxa5 g5 20. Be3 Nf5 21. Bc5 Qe8
22. Ne4 Kg7 23. Qc7 Bd7 24. Qe5+ Kg6 25. Qf6+ Kh7 26. Nfxg5+ Kg8 27. Qe5 1-0

[Event "11th Vellmar Open 2019"]
[Site "Vellmar GER"]
[Date "2019.07.07"]
[Round "6.23"]
[White "Plaza Reino,Mercedes"]
[Black "Maar,Samuel"]
[Result "0-1"]
[WhiteElo "1897"]
[BlackElo "1998"]
[WhiteFideId "24511951"]
[BlackFideId "12952591"]
[EventDate "2019.07.04"]

1. d4 Nf6 2. c4 g6 3. Nc3 Bg7 4. g3 O-O 5. Bg2 d6 6. Nf3 Nc6 7. O-O Bf5 8. d5
Nb8 9. Nd4 Bd7 10. e4 c6 11. Re1 Ng4 12. Nc2 Qb6 13. Qe2 f5 14. h3 Ne5 15. Be3
c5 16. Rab1 fxe4 17. Nxe4 Qc7 18. Bg5 Bf5 19. g4 h6 20. gxf5 gxf5 21. Qh5 Qd7
22. Bxh6 Bxh6 23. Qxh6 fxe4 24. Bxe4 Rf6 25. Bh7+ Kf7 26. Qh5+ Kf8 27. Re3 Qe8
28. Qg5 Qf7 29. Be4 Nxc4 30. Rg3 Nd7 31. Qh4 Ke8 32. Qh8+ Nf8 33. Kh1 Kd7 34.
Rbg1 Rxf2 35. Rg7 Qf4 36. Bg2 Re8 37. Ne1 Ne5 38. Qh5 Kd8 39. Rg5 Nfd7 40. b3
Nf6 41. Qh6 Nf7 0-1

[Event "11th Vellmar Open 2019"]
[Site "Vellmar GER"]
[Date "2019.07.07"]
[Round "6.24"]
[White "Pfitzenreuter,G"]
[Black "Wecke,T"]
[Result "1/2-1/2"]
[WhiteElo "2049"]
[BlackElo "1901"]
[WhiteFideId "4672380"]
[BlackFideId "24600342"]
[EventDate "2019.07.04"]

1. d4 d6 2. c4 e5 3. d5 f5 4. Nc3 Nf6 5. g3 Be7 6. Bg2 O-O 7. e4 fxe4 8. Nxe4
Nxe4 9. Bxe4 Bf5 10. Bxf5 Rxf5 11. Qg4 Qf8 12. Be3 a5 13. Ne2 Na6 14. Nc3 Qf7
15. Ne4 Rf8 16. O-O b6 17. Qe2 h5 18. h4 Qg6 19. Bg5 Bxg5 20. Nxg5 Nc5 1/2-1/2

[Event "11th Vellmar Open 2019"]
[Site "Vellmar GER"]
[Date "2019.07.07"]
[Round "6.25"]
[White "Knudsen,M"]
[Black "Reinhardt,Johannes"]
[Result "1/2-1/2"]
[WhiteElo "2021"]
[BlackElo "1838"]
[WhiteFideId "1406523"]
[BlackFideId "12928283"]
[EventDate "2019.07.04"]

1. Nf3 Nf6 2. c4 c5 3. g3 Nc6 4. Bg2 g6 5. b3 Bg7 6. Bb2 O-O 7. O-O e6 8. Qc1
Qc7 9. d4 cxd4 10. Nxd4 a6 11. Rd1 Nxd4 12. Bxd4 d6 13. Qb2 e5 14. Bc3 Rd8 15.
Bb4 Qb6 16. Bc3 Bh6 17. Bd2 Ng4 18. Rf1 Bg7 19. h3 Nf6 20. Nc3 Bd7 21. Be3 Qc7
22. Rac1 Bc6 23. Nd5 Bxd5 24. cxd5 Qd7 25. Bd2 e4 26. Bc3 Ne8 27. Bxg7 Nxg7 28.
Bxe4 Qxh3 29. Rc7 Nh5 30. Qc3 Re8 31. Bg2 Qf5 32. e4 Qg5 33. Rxb7 Rac8 34. Rc7
Rxc7 35. Qxc7 Qe5 36. Qc4 Nf6 37. f4 Qh5 38. Qd3 Rc8 39. Bf3 Qh3 40. Bd1 Rc1 41.
Be2 Rc2 42. Qxc2 Qxg3+ 43. Kh1 1/2-1/2

[Event "11th Vellmar Open 2019"]
[Site "Vellmar GER"]
[Date "2019.07.07"]
[Round "6.26"]
[White "Ruhl,Marcel"]
[Black "Lenhardt,M"]
[Result "1-0"]
[WhiteElo "1653"]
[BlackElo "2004"]
[WhiteFideId "12960195"]
[BlackFideId "4630211"]
[EventDate "2019.07.04"]

1. c4 e6 2. Nc3 d5 3. cxd5 exd5 4. d4 Nf6 5. Nf3 c6 6. Bg5 Be7 7. e3 Nbd7 8. Bd3
Nh5 9. Bxe7 Qxe7 10. Qe2 g6 11. O-O O-O 12. Rfc1 Nb6 13. h3 Be6 14. Ne5 Rae8 15.
a4 a5 16. Qc2 Ng7 17. Qb3 Nc8 18. Na2 f6 19. Nf3 Nd6 20. Qb6 Ra8 21. Nd2 Qd8 22.
Qxd8 Rfxd8 23. Nb3 Ra7 24. Nc5 Bf7 25. Rc3 Ne6 26. Nc1 Nxc5 27. Rxc5 Nc4 28. b3
Rc8 29. Rxc4 dxc4 30. bxc4 Be8 31. c5 Bf7 32. Rb1 Kf8 33. Rb6 Ke7 34. Ne2 Rd8
35. Nc3 Rd7 36. Kf1 Ra8 37. Ke2 Kd8 38. Ne4 f5 39. Nf6 Re7 40. Nxh7 Bd5 41. Ng5
Bxg2 42. f3 Kc7 43. Rb1 Rae8 44. Kf2 Rxe3 45. Bc4 Rc3 46. Bf7 Rc2+ 47. Kg3 Re7
48. Bxg6 Ree2 49. Bxf5 Rb2 50. Rc1 Red2 51. Re1 b5 52. Re7+ Kb8 53. Ne6 bxa4 54.
Nd8 Bxf3 55. Kxf3 Rf2+ 56. Kg4 Rxf5 57. Kxf5 a3 58. Nxc6+ Kc8 59. Re1 1-0

[Event "11th Vellmar Open 2019"]
[Site "Vellmar GER"]
[Date "2019.07.07"]
[Round "6.27"]
[White "Yaghy,Ritta."]
[Black "Heckmann,Torsten"]
[Result "1-0"]
[WhiteElo "1912"]
[BlackElo "1862"]
[WhiteFideId "7603266"]
[BlackFideId "24653896"]
[EventDate "2019.07.04"]

1. e4 e5 2. Nf3 Nf6 3. Nc3 Nc6 4. d4 exd4 5. Nxd4 Bb4 6. Nxc6 bxc6 7. Bd3 O-O 8.
O-O d5 9. exd5 Nxd5 10. Ne4 Bf5 11. Qf3 Bg6 12. a3 Be7 13. Rd1 Qc8 14. c4 Nb6
15. Bf4 Qe6 16. Re1 Rfe8 17. Nd6 Qf6 18. Nxe8 Rxe8 19. Bxg6 hxg6 20. Qg3 1-0

[Event "11th Vellmar Open 2019"]
[Site "Vellmar GER"]
[Date "2019.07.07"]
[Round "6.28"]
[White "Hilgert,V"]
[Black "Fuhrmeister,U"]
[Result "1-0"]
[WhiteElo "1870"]
[BlackElo "2008"]
[WhiteFideId "24628484"]
[BlackFideId "24611778"]
[EventDate "2019.07.04"]

1. d4 Nf6 2. c4 g6 3. Nc3 d5 4. cxd5 Nxd5 5. e4 Nxc3 6. bxc3 Bg7 7. Bc4 c5 8.
Be3 Nc6 9. Ne2 O-O 10. O-O Bd7 11. Qd2 Na5 12. Bd3 c4 13. Bc2 Qe8 14. Rab1 b6
15. f4 f5 16. e5 Bc6 17. Rf2 Qd7 18. h3 Qd5 19. Kh2 h5 20. Ng1 e6 21. Bd1 Qd7
22. Bf3 Rfd8 23. Bxc6 Nxc6 24. Nf3 Ne7 25. Qb2 Nd5 26. Bd2 Bh6 27. g3 Qa4 28.
Nh4 Kf7 29. Ng2 Bf8 30. Ne3 Nxe3 31. Bxe3 Rd5 32. Qc2 Qxc2 33. Rxc2 Ra5 34. Kg2
Rd8 35. Kf3 Rdd5 36. Bc1 Ra4 37. Ke2 Rda5 38. Ra1 Ke8 39. Kd1 Kd7 40. Ke2 Kc6
41. Kf3 Kd5 42. Re2 b5 43. Rc2 b4 44. cxb4 Bxb4 45. Ke3 Ra6 46. Rb1 Rb6 47. Ra1
Ba5 48. Bb2 c3 49. Bxc3 Bxc3 50. Rxc3 Rxd4 51. Rac1 Re4+ 52. Kf3 Ra6 53. R1c2
Raa4 54. Rc6 Ra3+ 55. Kf2 Rd4 56. Rd6+ Ke4 57. Re2+ Kd3 58. Re3+ 1-0